00832nam a2200241 a 450000100060000000300080000600500170001400800410003103500190007204000320009104100080012308200250013110000460015624500570020226000360025930000290029550000200032450400320034465100560037694200120043299900170044495201290046165576BD-RjUL20211209081436.0170308s1978 enkabcf b 001 0 eng  a(BD-RjUL)65706 aDLCcDLCdDLCdBD-RjULbeng aeng00223a954.03bHIG 19781 aHibbert, Christopher.d1924-2008.919403214aThe great mutiny, India 1857 /cChristopher Hibbert. aLondon :bPenguin Books,c1978. a472 p. :bill. ;c25 cm. aIncludes index. aBibliography: p. [434]-450. 0aIndiaxHistoryySepoy Rebellion, 1857-1858.9190195 2ddccBK c65576d65576 00102ddc40718NFICaRUCLbRUCLcReadingd1993-03-20eR.U.L.l0o954.03 HIG 1978r2017-03-13 00:00:00tC-1w2017-03-13yBK